<?xml version="1.0" encoding="UTF-8"?>
<marc:record xmlns:marc="http://www.loc.gov/MARC21/slim">
   <marc:leader>00000nam a2200000 a 4500</marc:leader>
   <marc:datafield ind1="1" ind2=" " tag="100">
      <marc:subfield code="a">Satrapi, Marjane</marc:subfield>
      <marc:subfield code="4">aut</marc:subfield>
      <marc:subfield code="e">Verfasser/-in</marc:subfield>
   </marc:datafield>
   <marc:datafield ind1="1" ind2=" " tag="100">
      <marc:subfield code="a">Paronnaud, Vincent</marc:subfield>
      <marc:subfield code="4">aut</marc:subfield>
      <marc:subfield code="e">Verfasser/-in</marc:subfield>
   </marc:datafield>
   <marc:datafield ind1="1" ind2=" " tag="100">
      <marc:subfield code="a">Baer, Edouard</marc:subfield>
   </marc:datafield>
   <marc:datafield ind1="1" ind2=" " tag="100">
      <marc:subfield code="a">Almaric, Mathieu</marc:subfield>
   </marc:datafield>
   <marc:datafield ind1="1" ind2=" " tag="100">
      <marc:subfield code="a">Paronnaud, Vincent</marc:subfield>
   </marc:datafield>
   <marc:datafield ind1="0" ind2="0" tag="245">
      <marc:subfield code="a">Huhn mit Pflaumen [DVD]</marc:subfield>
   </marc:datafield>
   <marc:datafield ind1="0" ind2="0" tag="245">
      <marc:subfield code="b">Ein orientalisches Märchen voller Humor und Poesie</marc:subfield>
   </marc:datafield>
   <marc:datafield ind1="0" ind2="0" tag="245">
      <marc:subfield code="c">Marjane Satrapi ; Vincent Paronnaud</marc:subfield>
   </marc:datafield>
   <marc:datafield ind1=" " ind2="1" tag="264">
      <marc:subfield code="a">s.l.</marc:subfield>
      <marc:subfield code="b">Prokino</marc:subfield>
      <marc:subfield code="c">2011</marc:subfield>
   </marc:datafield>
   <marc:datafield ind1="1" ind2=" " tag="520">
      <marc:subfield code="a">Der große Violinist Nasser-Ali Khan (Mathieu Amalric) ist untröstlich, sein geliebtes Instrument ist zerstört. Doch ein Leben ohne die Musik ist für ihn kaum vorstellbar. Er begibt sich auf die Spuren seiner bewegten Vergangenheit, um das große Geheimnis zu lüften, das die Liebe und die Musik vereint. Nach dem autobiografischen Werk Persepolis legen Marjane Satrapi und Vincent Paronnaud mit HUHN MIT PFLAUMEN ein poetisches Märchen über die Kraft der Fantasie und das Wesen aller Kunst vor. In spielerischem Gestus und nicht ohne Hintersinn erzählen sie von einer großen Liebe, die keine Erfüllung findet, aber durch die Kunst lebendig bleibt und Einzug in die Herzen anderer Menschen hält. Ein Bilderreigen voll träumerischer Schönheit, in dem neben zarter Melancholie und mildem Sarkasmus hintergründiger Humor und eine burleske Fantasie zauberhafte Blüten treiben.</marc:subfield>
   </marc:datafield>
   <marc:datafield ind1=" " ind2=" " tag="020">
      <marc:subfield code="a">4009750204399</marc:subfield>
      <marc:subfield code="9">4009750204399</marc:subfield>
   </marc:datafield>
   <marc:datafield ind1=" " ind2=" " tag="500">
      <marc:subfield code="a">Ländercode 2. FSK ab 12 freigegeben , in deutscher Sprache</marc:subfield>
   </marc:datafield>
   <marc:datafield ind1="0" ind2=" " tag="490">
      <marc:subfield code="v">0</marc:subfield>
   </marc:datafield>
   <marc:datafield ind1=" " ind2=" " tag="300">
      <marc:subfield code="a">1 DVD (ca. 87 Min.) : farb., DD 5.1, PAL ; Bild: 2,35.1 - 16:9 anamorph</marc:subfield>
   </marc:datafield>
</marc:record>
